All Bluey Characters (With Hints) - Statistics

General Stats
  • This quiz has been taken 1,293 times
    268 since last reset
  • The average score is 26 of 51
Answer Stats
Hint Answer % Correct
Their dad Bandit
99%
The one aboves sister Bingo
99%
The main character Bluey
99%
Their mum Chili
94%
Uncle Rad
88%
The two uncles Uncle stripe
88%
And the auntie aboves kids? Muffin
80%
Socks
79%
In army Rusty
77%
Blueys auntie Trixie
77%
In shadowlands Coco
75%
Bluey fairy godmother Frisky
75%
Blueys other neighbour Lucky
74%
Long Snickers
73%
“Can we just start” Mackenzie
72%
Next door neighbour Judo
70%
Blueys best friend Chloe
69%
Small Winton
69%
Can’t sit still Jack
67%
Speaks French Jean Luc
63%
His dad? Pat
61%
Chilies Sister Brandy
58%
Bingo Friend! Lila
56%
The three Terriers
56%
Lucky Brother! Chucky
47%
Their grandad Bob
44%
Picks his nose Buddy
44%
Tradie Wife Cherry
40%
Their nana Chris
40%
Blueys buddy Mia
40%
Mia
40%
Tradie Chippy
39%
Like budgies Winnie
39%
Winnies dad FiDo
38%
Bin Night Doreen
37%
Mackenzies buddy Captain
35%
The monkey Bars Bentley
32%
Tradie Sparky
27%
Winton brother Hercules
25%
Deaf Dougie
23%
Shopkeeper Alfie
21%
State of Origin Janelle
18%
Bandits friend Rocko
18%
Gru___r Gruber
17%
In bingos kindy Jasper W
17%
Above but different last name Jasper G
16%
Music Busker
15%
Aboves Sibling Zara
12%
Harley
10%
Juniper
9%
Like more of bingos friends Sadie
9%
No matching quizzes found
Score Distribution
Percent of People with Each Score
Percentile by Number Answered
Your Score History
You have not taken this quiz since the last reset